Derechos humanos: Fuentes e instrumentos internacionales./ (Registro nro. 7979)

Detalles MARC
000 -LEADER
fixed length control field 01019nam a2200181Ia 4500
005 - FECHA Y HORA DE LA ÚLTIMA TRANSACCIÓN
control field 20250630081424.0
008 - FIXED-LENGTH DATA ELEMENTS--GENERAL INFORMATION
fixed length control field 230427s9999 xx 000 0 und d
040 ## - CATALOGING SOURCE
Original cataloging agency UPAN
Transcribing agency Biblioteca San Vicente
Description conventions RCAA2
041 ## - LANGUAGE CODE
Language code of text/sound track or separate title spa
082 ## - DEWEY DECIMAL CLASSIFICATION NUMBER
Classification number 341.481
Item number T738d
año de publicación 1996
100 ## - MAIN ENTRY--PERSONAL NAME
Personal name Travieso, Juan Antonio.
Relator code aut.
245 #0 - TITLE STATEMENT
Title Derechos humanos: Fuentes e instrumentos internacionales./
Remainder of title Juan Antonio Travieso
260 ## - PUBLICATION, DISTRIBUTION, ETC. (IMPRINT)
Place of publication, distribution, etc Argentina:
Name of publisher, distributor, etc Eliasta,
Date of publication, distribution, etc 1996
300 ## - PHYSICAL DESCRIPTION
Extent 505 p.:
Dimensions 24 cm.
505 ## - FORMATTED CONTENTS NOTE
Formatted contents note Capitulo I. Los Derechos Humanos en la Constituciòn Argentina. Los Tratados<br/>Capitulo II. Los Derechos Humanos en el sistema de la ONU ( Primera parte)<br/>Capitulo III. Los Derechos Humanos en el sistema de la ONU( Segunda parte)<br/>Capitulo IV. Los Derechos Humanos en el sistema de la ONU<br/>Capitulo V. Los Derechos Humanos en el sistema europeo comunitario<br/>Capitulo VI. Los Derechos Humanos en el sistema interamericano<br/>Capitulo vii. Los Convenios de Ginebra y el Derecho Humanitario
650 ## - SUBJECT ADDED ENTRY--TOPICAL TERM
Source of heading or term LEMB
Topical term or geographic name as entry element Derecho
942 ## - ADDED ENTRY ELEMENTS (KOHA)
Koha item type Libros
Source of classification or shelving scheme Dewey Decimal Classification
Existencias
Withdrawn status Lost status Source of classification or shelving scheme Damaged status Not for loan Collection code Home library Current library Date acquired Total Checkouts Full call number Barcode Date last seen Price effective from Koha item type
    Dewey Decimal Classification     Colección General Biblioteca UPAN San Vicente Biblioteca UPAN San Vicente 27/04/2023   341.481 T738d 12000590 27/04/2023 27/04/2023 Libros
    Dewey Decimal Classification     Colección General Biblioteca UPAN San Vicente Biblioteca UPAN San Vicente 27/04/2023   341.481 T738d 12000589 28/04/2023 27/04/2023 Libros